1161 1864 1491 1357 1622 1135 1155 1165 1544 1403 1730 1517 1360 1064 1099 1008 1387 1520 1889 1070 1477 1390 1131 1817 1915 1856 1343 1560 1737 1970 1863 1096 1850 1127 1493 1248 1403 1603 1194 1209 1638 1754 1437 1685 1940 1010 1632 1052 1723 1220 1377 1186 1107 1316 1207 1410 1591 1827 1478 1202 1165 1220 1318 1279 1452 1257 1968 1610 1231 1376 1451 1284 1951 1069 1623 1846 1484 1586 1338 1844 1363 1619 1544 1406 1155 1214 1569 1649 1611 1948 1991 1021 1860 1277 1471 1988 1222 1166 1836 BCNSPRNW ULIB Ver.6.0+V

เปลี่ยนเป็นภาษาไทย

Change to English
 แสดงรายละเอียดบรรณานุกรม
  กลับหน้าหลัก

Brief Record : Get Marc (ISO 2709) : E-mail record : QR code < ปิดหน้าต่าง
LEADER : 00000nam 2200000uu 4500
001    13399120949
003     ULIB
008    121029s2553||||th 000 0 tha d
024    ^a9786167098784
060  4 ^aWI700^bย415ด
100 0  ^aยุพาพิน ประเสริฐกุล
245 00 ^aการดูแลตับ เทคนิคการป้องกันและรักษาโรคไวรัสทุกชนิด./^cยุพาพิน ประเสริฐกุล
260    ^aกรุงเทพฯ :^bFeeling Good Publishing^c2553
300    ^a208 หน้า
650  4 ^aโรคตับ
650  4 ^aไวรัสตับอักเสบ--การป้องกันและควบคุม
945    ^p0^l0^i18535
945    ^p0^l0^i18536
รายการนี้ยังไม่มีแท็ก
คุณยังไม่ได้ล็อกอิน คุณสามารถมีกิจกรรมร่วมกับเว็บไซต์ได้ แต่ต้องล็อกอินก่อน ::
  ล็อกอิน

รายการสื่อสารสนเทศ

ลำดับที่ ประเภท เลขเรียก/บาร์โค้ด สถานที่ สถานะ
1. วิทยาศาสตร์การแพทย์ และสุขภาพ
วิทยาศาสตร์การแพทย์ และสุขภาพ
สถานะ=หนังสือเก่า
WI700 ย415ด  
  Barcode: 18535
ห้องสมุดวิทยาเขตนครสวรรค์
►ส่วนจัดเก็บหนังสือเก่า นว.
บนชั้น
  ขอยืม
2. วิทยาศาสตร์การแพทย์ และสุขภาพ
วิทยาศาสตร์การแพทย์ และสุขภาพ
สถานะ=หนังสือเก่า
WI700 ย415ด ฉ.2 
  Barcode: 18536
ห้องสมุดวิทยาเขตนครสวรรค์
►ส่วนจัดเก็บหนังสือเก่า นว.
บนชั้น
  ขอยืม

รายการใกล้เคียง
    ผู้แต่ง [ยุพาพิน ประเสริฐกุล]

    หัวเรื่อง [โรคตับ]
    หัวเรื่อง [ไวรัสตับอักเสบ--การป้องกันและควบคุม]

BibComment


ยังไม่เคยถูกคอมเมนท์

คอมเมนท์ทรัพยากรรายการนี้
  คอมเมนท์: การดูแลตับ เทคนิ..


 Copyright 2026. Bcnsprnw @Library